000 00294nam a22001337a 4500
008 171002b xxu||||| |||| 00| 0 eng d
020 _a0899084443
041 _aeng
080 _a37
100 _a47
101 _aEDU
245 _aJAPAN OPPOSING VIEWPOINTS
_cBENDER.D.L
942 _2udc
_cBK
999 _c31095
_d31095